La rumeur de Saint-Pétersbourg - Anastasia (Paroles) - Statistiques

Statistiques générales
  • Ce quiz a été pris 384 fois
  • Le résultat moyen est 220 sur 294
Statistiques - réponses
Parole % Correct
à
97%
la
96%
La
96%
que
96%
Que
96%
sa
96%
rumeur
95%
La foule Saint-Pétersbourg
95%
le
93%
Le
93%
dit
92%
du
91%
est
91%
quel
90%
qu'on
90%
Anastasia
89%
ce
89%
jour
89%
princesse
89%
Princesse
89%
Quelle
87%
quelle
87%
Qu'est-ce
87%
de
86%
se
86%
un
86%
Un
86%
c'est
85%
C'est
85%
chuchote
84%
On
84%
on
84%
en
83%
Pour
83%
pour
83%
une
83%
Une
83%
qui
80%
vie
80%
Et
77%
et
77%
ça
76%
fille
76%
je
76%
Je
76%
Paris
76%
lui
75%
nous
75%
pas
75%
grand-mère
74%
légende
74%
mystère
74%
sera
74%
si
74%
Si
74%
va
74%
Va
74%
les
73%
Les
73%
Dès
71%
des
71%
au
70%
tout
70%
l'enfer
69%
riches
69%
trouvé
69%
trouve
69%
loin
68%
n'a
68%
récompense
68%
rôle
68%
route
68%
te
68%
chère
67%
cuit
67%
fin
67%
67%
jouer
67%
moi
67%
Mon
67%
mon
67%
dans
66%
quoi
66%
somme
66%
grand-maman
65%
l'ai
65%
plus
65%
royale
65%
sans
65%
s'ennuie
65%
payer
64%
peau
64%
Pense
64%
Depuis
63%
palais
63%
savoir
63%
Offre
62%
ou
62%
révolution
62%
visa
62%
lapin
61%
lit
61%
Aura
60%
cœur
60%
couleur
60%
déguise
60%
impériale
60%
l'affaire
60%
murmure
60%
qu'un
60%
sors
60%
appartient
59%
Changer
59%
l'histoire
59%
Paraît
59%
deux
58%
filles
58%
jaser
58%
nos
58%
pourrait
58%
réchauffer
58%
sortie
58%
fasse
57%
frais
57%
Heureusement
57%
qu'une
57%
ragots
57%
rend
57%
tsar
57%
La foule Chut
56%
chut
56%
J'ai
56%
raconte
56%
rentrera
56%
Vivante
56%
y'a
56%
frère
55%
glaçon
55%
caleçon
54%
ensemble
54%
garantis
54%
bouche
53%
historique
53%
met
53%
oreille
53%
Romanov
53%
s'y
53%
vieux
53%
arnaque
52%
gloire
50%
n'est
49%
joyeuse
48%
Sur
48%
Même
47%
Tu
47%
affaire
46%
histoire
44%
boulevards
43%
portrait
43%
belle
41%
feras
40%
pyjamas
39%
aux
37%
énigmatique
36%
carrefours
33%
bon
11%
prix
6%
Youssoupov
5%
Aucun quiz correspondant
Distribution des résultats
% des personnes avec chaque résultat
Percentile par nombre de réponses
Votre historique - résultats
Vous n’avez pas pris ce quiz